000 00365nam a22001457a 4500
999 _c1927
_d1927
008 200207b ||||| |||| 00| 0 eng d
082 0 0 _a621.37
_bM727
100 _91476
_aMollow, E.
245 1 0 _aElectrical measurements
_cby E Molloy
260 _aLondon
_bGeorge Newnes
_c1949
300 _a103p.
365 _d3.07
650 0 _aElectric Measurements
942 _cBK